Brazil : Selected Issues Paper.

This Selected Issues Paper discusses the macroeconomic implications of pension reforms in Brazil. It assesses empirically the relationship between fiscal policy and the real effective exchange rate in emerging markets and draws policy implications. It reviews the current status of local capital mark...

Descripció completa

Dades bibliogràfiques
Autor corporatiu: International Monetary Fund
Format: Revista
Idioma:English
Publicat: Washington, D.C. : International Monetary Fund, 2012.
Col·lecció:IMF Staff Country Reports; Country Report ; No. 2012/192
Accés en línia:Full text available on IMF
LEADER 01632cas a2200241 a 4500
001 AALejournalIMF012012
008 230101c9999 xx r poo 0 0eng d
020 |c 5.00 USD 
020 |z 9781475506716 
022 |a 1934-7685 
040 |a BD-DhAAL  |c BD-DhAAL 
110 2 |a International Monetary Fund. 
245 1 0 |a Brazil :   |b Selected Issues Paper. 
264 1 |a Washington, D.C. :  |b International Monetary Fund,  |c 2012. 
300 |a 1 online resource (72 pages) 
490 1 |a IMF Staff Country Reports 
500 |a <strong>Off-Campus Access:</strong> No User ID or Password Required 
500 |a <strong>On-Campus Access:</strong> No User ID or Password Required 
506 |a Electronic access restricted to authorized BRAC University faculty, staff and students 
520 3 |a This Selected Issues Paper discusses the macroeconomic implications of pension reforms in Brazil. It assesses empirically the relationship between fiscal policy and the real effective exchange rate in emerging markets and draws policy implications. It reviews the current status of local capital markets in the country, the key challenges, and policy options for further development. The paper also provides a detailed description of consumer credit developments and analyzes recent indicators of household financial distress associated with the credit expansion that has taken place in the last couple of years. 
538 |a Mode of access: Internet 
830 0 |a IMF Staff Country Reports; Country Report ;  |v No. 2012/192 
856 4 0 |z Full text available on IMF  |u http://elibrary.imf.org/view/journals/002/2012/192/002.2012.issue-192-en.xml  |z IMF e-Library